Rhodesia national bibliography 1972 (Record no. 56532)

MARC details
000 -LEADER
fixed length control field 00656nam a2200157 a 4500
008 - FIXED-LENGTH DATA ELEMENTS--GENERAL INFORMATION
fixed length control field 090618s1973 ||||||||||||||||| || u
050 ## - LIBRARY OF CONGRESS CALL NUMBER
Classification number GOV.ZAM(02)1973/11
110 ## - MAIN ENTRY--CORPORATE NAME
Corporate name or jurisdiction name as entry element Government of the Republic of Zimbabwe (GRZ)
245 10 - TITLE STATEMENT
Title Rhodesia national bibliography 1972
Statement of responsibility, etc. National Archives of Rhodesia
260 ## - PUBLICATION, DISTRIBUTION, ETC.
Place of publication, distribution, etc. Salisbury
Name of publisher, distributor, etc. National Archives of Rhodesia
Date of publication, distribution, etc. 1973
300 ## - PHYSICAL DESCRIPTION
Extent iii, 23p.
350 ## - PRICE (NR) (BK AM CF MU VM SE) [OBSOLETE]
Price 0.00
650 ## - SUBJECT ADDED ENTRY--TOPICAL TERM
Topical term or geographic name entry element BIBLIOGRAPHY, NATIONAL--ZIMBABWE
710 ## - ADDED ENTRY--CORPORATE NAME
Corporate name or jurisdiction name as entry element Zimbabwe. National Archives
995 ## - RECOMMENDATION 995 [LOCAL, UNIMARC FRANCE]
-- 0.00
-- CBU-MAIN LIBRARY (Kitwe)
-- 1
-- 0.00
-- 1
-- AVAILABLE
-- Jun 18, 2009
-- Zambiana Collection
Holdings
Withdrawn status Lost status Source of classification or shelving scheme Damaged status Not for loan Home library Current library Shelving location Date acquired Total Checkouts Full call number Barcode Date last seen Price effective from Koha item type
          CBU-MAIN LIBRARY, KITWE. CBU-MAIN LIBRARY, KITWE.   11/30/2022   GOV.ZAM(02)1973/11 03004167 11/30/2022 11/30/2022 MONOGRAPH